Investigar las culturas en Latinoamérica: memorias con algunos trazos generadores de futuro /

Guardado en:
Bibliografiske detaljer
Hovedforfatter: Martín-Barbero, Jesús
Format: Texto
Fag:
Tags: Tilføj Tag
Ingen Tags, Vær først til at tagge denne postø!

MARC

LEADER 00000 a a2200000 04500
001 5274
003
040
100 |a Martín-Barbero, Jesús  
245 |a Investigar las culturas en Latinoamérica: memorias con algunos trazos generadores de futuro /  |c Jesús Martín-Barbero 
650 |a ASPECTOS SOCIALES  
650 |a CULTURA  
650 |a SALUD PUBLICA  
650 |a HISTORIA  
650 |a VIOLENCIA  
650 |a CONFLICTOS SOCIALES  
650 |a AMERICA LATINA  
773 |g volumen 63, número 715 -716; páginas 293-305  
999 |c 37040  |d 37040 
773 0 |0 18723  |9 2714  |a Universidad Centroamericana José Simeón Cañas (UCA)  |d San Salvador, El Salvador Universidad Centroamericana José Simeón  |o 06227  |t ECA: